Todo tiempo futuro

Guardat en:
Dades bibliogràfiques
Autor principal: Sáez Pardo, Guillermo (Autor)
Format: Llibre
Idioma:espanyol
Publicat: Viña del Mar Ediciones Altazor 2012
Matèries:
Etiquetes: Afegir etiqueta
Sense etiquetes, Sigues el primer a etiquetar aquest registre!

MARC

LEADER 00000cam a2200000 a 4500
001 UCF8685
003 CL-VaPUC
008 130930e20120000cl |||||||||||||||||spa|d
020 |a 9789569205101 
082 0 4 |a 863  |b SAE  |2 21 
100 0 |a Sáez Pardo, Guillermo  |e author  |9 570827 
245 1 0 |a Todo tiempo futuro 
300 |a 93 p 
942 |c BK 
945 |d 20130930 13:19:00  |a dcastane 
260 |a Viña del Mar  |b Ediciones Altazor  |c 2012 
650 0 |a Cuentos chilenos   |9 308280 
650 0 |a Literatura chilena   |9 308278 
583 |a last modification  |c 20130930 13:19:00  |k Rodrigo Vera 
999 |c 353252  |d 353250 
952 |0 0  |1 0  |3 erb  |4 0  |6 863_000000000000000_SAE_2012  |7 0  |8 C  |9 458350  |a BIBCUR  |b BIBCUR  |d 2019-11-23  |i 5012856  |o 863 SAE 2012  |p 5012856  |r 2025-04-22  |w 2019-11-23  |y BK  |z Catalogado en:20130930  |k CAC 
952 |0 0  |1 0  |3 erb  |4 0  |6 863_000000000000000_SAE_2012  |7 0  |8 C  |9 458351  |a BIBCUR  |b BIBCUR  |d 2019-11-23  |i 5012864  |o 863 SAE 2012  |p 5012864  |r 2025-04-22  |w 2019-11-23  |y BK  |z Catalogado en:20130930  |k CAC